|
|
|
|
| LEADER |
01056pam a2200313 a 4500 |
| 001 |
BD-DhAAL |
| 003 |
BD-DhAAL |
| 005 |
20160405103325.0 |
| 008 |
160405r20001981nyu 000 1 eng |
| 010 |
|
|
|a 00022500
|
| 020 |
|
|
|a 0440206154
|
| 020 |
|
|
|a 0525945563
|
| 040 |
|
|
|a DLC
|c DLC
|d YDX
|d BD-DhAAL
|
| 050 |
0 |
0 |
|a PS3558.A6558
|b R4 2000
|
| 082 |
0 |
0 |
|a 813/.54
|2 21
|
| 100 |
1 |
|
|a Harris, Thomas,
|d 1940-
|9 19005
|
| 245 |
1 |
0 |
|a Red dragon /
|c by Thomas Harris.
|
| 260 |
|
|
|a New York :
|b Dutton,
|c c2000.
|
| 300 |
|
|
|a 454 p. ;
|c 18 cm.
|
| 541 |
|
|
|e 3046
|
| 650 |
|
0 |
|a Serial murders
|v Fiction.
|9 19006
|
| 650 |
|
0 |
|a Government investigators
|v Fiction.
|9 19007
|
| 650 |
|
7 |
|a Government investigators
|2 fast
|9 19008
|
| 650 |
|
7 |
|a Serial murders
|2 fast
|9 19009
|
| 655 |
|
7 |
|a Detective and mystery stories.
|2 gsafd
|9 19010
|
| 655 |
|
7 |
|a Fiction
|2 fast
|9 19011
|
| 942 |
|
|
|2 ddc
|c BK
|
| 999 |
|
|
|c 37397
|d 37397
|
| 952 |
|
|
|0 0
|1 0
|2 ddc
|4 0
|6 813_000000000000000__54_HAR
|7 0
|9 58725
|a SCL
|b SCL
|c GEN
|d 2016-04-05
|l 10
|m 33
|o 813.54 HAR
|p 3020003046
|r 2026-04-06
|s 2026-03-31
|t 1
|w 2016-04-05
|y BK
|